书目信息 |
| 题名: |
六日战争
|
|
| 作者: | 奥伦 著 ;丁辰熹 译 | |
| 分册: | ||
| 出版信息: | 北京 九州出版社 2020.11 |
|
| 页数: | 582页 | |
| 开本: | 24cm | |
| 丛书名: | ||
| 单 册: | ||
| 中图分类: | K370.6 | |
| 科图分类: | ||
| 主题词: | 第三次中东战争 (1967)--di san ci zhong dong zhan zheng (1967)--史料 | |
| 电子资源: | ||
| ISBN: | 978-7-5108-9550-0 | |
| 000 | 01587nam0 2200289 450 | |
| 001 | 29069 | |
| 005 | 20221011154439.83 | |
| 010 | @a978-7-5108-9550-0@b精装@dCNY122.00 | |
| 100 | @a20201217d2020 em y0chiy50 ea | |
| 101 | 1 | @achi@cheb |
| 102 | @aCN@b110000 | |
| 105 | @ab z 000yy | |
| 200 | 1 | @a六日战争@Aliu ri zhan zheng@f(以) 迈克尔·B. 奥伦著@d= Six days of war: june 1967 and the making of the modern middle@fMichaelb B. Oren@g丁辰熹译@zeng |
| 210 | @a北京@c九州出版社@d2020.11 | |
| 215 | @a582页@c地图@d24cm | |
| 300 | @a后浪 | |
| 312 | @a封面其他题名: 1967年6月和现代中东的创生 | |
| 314 | @a迈克尔·B. 奥伦, 以色列历史学家、作家, 前以色列议会议员、政府成员。丁辰熹, 清华大学国际与地区研究院博士研究生。 | |
| 330 | @a1967年6月5日, 以色列空军先发制人, 突袭了埃及的主要空军基地, 随后掉转头来进攻约旦及叙利亚, 在短短六天内大获全胜。这场闪电战在以色列和西方世界被称为“六日战争”, 在阿拉伯世界则被称为“六月战争”。这场战争虽然只持续了六天, 但从未真正结束。它改变了中东地区乃至整个世界的政治格局, 也是中东战争极具历史意义的转折点, 随后发生的赎罪日战争、黎巴嫩战争、巴勒斯坦大起义等冲突都是这六天激烈战斗的直接后果。 | |
| 510 | 1 | @aSix days of war: june 1967 and the making of the modern middle@zeng |
| 517 | 1 | @a1967年6月和现代中东的创生@A1967 nian 6 yue he xian dai zhong dong de chuang sheng |
| 606 | 0 | @a第三次中东战争 (1967)@Adi san ci zhong dong zhan zheng (1967)@x史料 |
| 690 | @aK370.6@v5 | |
| 701 | 1 | @a奥伦@Aao lun@g(Oren, Michaelb B.)@4著 |
| 702 | 0 | @a丁辰熹@Ading chen xi@4译 |
| 801 | 0 | @aCN@c20220910 |
| 905 | @a河南城建学院图书馆@dK370.6@eA761@f1 | |
| 六日战争/(以) 迈克尔·B. 奥伦著= Six days of war: june 1967 and the making of the modern middle/Michaelb B. Oren/丁辰熹译.-北京:九州出版社,2020.11 |
| 582页:地图;24cm |
| 后浪 |
| ISBN 978-7-5108-9550-0(精装):CNY122.00 |
| 1967年6月5日, 以色列空军先发制人, 突袭了埃及的主要空军基地, 随后掉转头来进攻约旦及叙利亚, 在短短六天内大获全胜。这场闪电战在以色列和西方世界被称为“六日战争”, 在阿拉伯世界则被称为“六月战争”。这场战争虽然只持续了六天, 但从未真正结束。它改变了中东地区乃至整个世界的政治格局, 也是中东战争极具历史意义的转折点, 随后发生的赎罪日战争、黎巴嫩战争、巴勒斯坦大起义等冲突都是这六天激烈战斗的直接后果。 |
| ● |
| 相关链接 |
|
|
|
正题名:六日战争
索取号:K370.6/A761
 
预约/预借
| 序号 | 登录号 | 条形码 | 馆藏地/架位号 | 状态 | 备注 |
| 1 | 1582439 | 215824393 | 社科库309/309社科库 40排1列4层/ [索取号:K370.6/A761] | 在馆 |